000 00249nam a22001217a 4500
008 170523b xxu||||| |||| 00| 0 eng d
041 _aeng
080 _a94
100 _a16
101 _aSHH
245 _aGLOBAL SHIFT
_cMASON.M
942 _2udc
_cBK
999 _c13880
_d13880